| 000 | 00869nam a2200289 a 4500 | ||
|---|---|---|---|
| 003 | AR-BaBNM | ||
| 005 | 20251128210050.0 | ||
| 008 | 082120s2002 ||||||||||||||000 | spa|| | ||
| 020 | _a84-271-2060-5 | ||
| 040 | _cAR-BaBNM | ||
| 100 | 1 | _aGarcía Alvarez, Jesús | |
| 245 | 0 | 0 |
_aEvaluación de la formación _bmarcos de referencia |
| 260 |
_aBilbao _bEdiciones mensajero _c1997 |
||
| 300 | _a174 p. | ||
| 490 | 0 | _aRecursos e instrumentos psicopedagógicos | |
| 500 | _aContiene Anexos p. 145-159 | ||
| 504 | _aContiene bibliografía p. 161-174 | ||
| 650 | 4 | _aPROGRAMAS DE FORMACION | |
| 650 | 4 | _aAMBIENTE EDUCACIONAL | |
| 650 | 4 | _aINFLUENCIA DEL AMBIENTE | |
| 650 | 4 | _aPERFIL PROFESIONAL DEL DOCENTE | |
| 653 | _aEVALUACION EDUCATIVA | ||
| 653 | _aFORMACION DE FORMADORES | ||
| 653 | _aFORMACION DOCENTE CONTINUA | ||
| 942 | _cBK | ||
| 998 | _cRaquel | ||
| 999 |
_c13871 _d13871 |
||